| 000 | nam a22 7a 4500 | ||
|---|---|---|---|
| 999 |
_c21745 _d21745 |
||
| 008 | 170123b xxu||||| |||| 00| 0 eng d | ||
| 050 | _aNK 3620 .B63 1952 | ||
| 100 | _aBokey, Bill. | ||
| 245 |
_aBasik of lettering/ _cBill Boley. |
||
| 260 |
_aCincinnati : _bThe signs of the time Publishing Company, _c1952. |
||
| 300 |
_a192p. : _bill. ; _c20cm. |
||
| 942 |
_2lcc _cBOOKS |
||